[Event "Alushta op"]
[Site "Alushta"]
[Date "2023.07.04"]
[Round "3"]
[White "Lagutina, Olga"]
[Black "Savvopulo, Anatolij"]
[Result "1/2-1/2"]
[WhiteElo "1774"]
[BlackElo "2023"]
[PlyCount "58"]
[EventDate "2023.07.02"]
[EventType "swiss"]
[EventRounds "9"]
[EventCountry "UKR"]
[SourceTitle "CBM 215 Extra"]
[Source "ChessBase"]
[SourceDate "2023.09.30"]
[SourceVersion "1"]
[SourceVersionDate "2023.09.30"]
[SourceQuality "1"]

1. d4 Nf6 2. Nf3 e6 3. e3 b6 4. Bd3 Bb7 5. Nbd2 d5 6. b3 Nbd7 7. Bb2 Bd6 8. Ne5 c6 9. 0-0 h5 10. f4 Qc7 11. c4 c5 12. Rc1 a5 13. Qe2 Rc8 14. cxd5 exd5 15. e4 dxe4 16. Nxe4 Bxe4 17. Bxe4 Nxe4 18. Qxe4 Nf6 19. Qf5 0-0 20. Rf3 Qe7 21. Rg3 h4 22. Rxg7+ Kxg7 23. dxc5 Bxc5+ 24. Kh1 Bd4 25. Qg5+ Kh8 26. Qxh4+ Kg7 27. Qg5+ Kh8 28. Qh6+ Kg8 29. Qg5+ Kh8 1/2-1/2

[Event "RUS-ch Silent (Women)"]
[Site "Zelenograd"]
[Date "2022.04.17"]
[Round "12"]
[White "Lagutina, Olga"]
[Black "Lukina, Tatiana"]
[Result "1-0"]
[WhiteElo "1801"]
[BlackElo "1571"]
[PlyCount "135"]
[EventDate "2022.04.09"]
[EventType "tourn"]
[EventRounds "13"]
[EventCountry "RUS"]
[SourceTitle "EXT 2023"]
[Source "ChessBase"]
[SourceDate "2022.10.05"]
[SourceVersion "1"]
[SourceVersionDate "2022.10.05"]
[SourceQuality "1"]

1. e4 e5 2. Nf3 Nc6 3. d4 exd4 4. Bc4 Nf6 5. e5 d5 6. Bb5 Ne4 7. Nxd4 Bc5 8. 0-0 Bxd4 9. Qxd4 0-0 10. Qe3 Nxe5 11. f3 c6 12. fxe4 cxb5 13. exd5 Qd6 14. Qd4 Nc6 15. Qe4 Nb4 16. Bf4 Qc5+ 17. Be3 Qc4 18. Qxc4 bxc4 19. Bc5 Nxc2 20. Bxf8 Kxf8 21. Nc3 Nxa1 22. Rxa1 a6 23. Na4 Rb8 24. Nb6 Ke7 25. Re1+ Kd6 26. Re8 Kc7 27. Nxc4 Kd7 28. Rg8 b5 29. Ne5+ Kd6 30. Nc6 Ra8 31. Rd8+ Kc7 32. Rf8 f6 33. Rf7+ Kd6 34. Rxg7 Bf5 35. Rf7 Be4 36. Rxf6+ Kxd5 37. Nb4+ Kd4 38. Nxa6 Rc8 39. Nb4 Ke3 40. h3 Rc1+ 41. Rf1 Rc7 42. Re1+ Kd4 43. a3 Rg7 44. Re2 h5 45. Kh2 h4 46. Nc2+ Kd3 47. Re3+ Kxc2 48. Rxe4 Kxb2 49. a4 bxa4 50. Rxa4 Rh7 51. Kg1 Kc2 52. Kf2 Rf7+ 53. Ke3 Re7+ 54. Kf3 Kd3 55. Rxh4 Re3+ 56. Kf2 Re2+ 57. Kg1 Re6 58. Rf4 Rg6 59. Kh2 Ke3 60. Rf8 Ke4 61. h4 Ke5 62. Kh3 Ke6 63. g4 Ke7 64. Rf3 Rc6 65. h5 Rc1 66. Kh4 Rc4 67. h6 Rc8 68. Kh5 1-0

[Event "RUS-ch Silent (Women)"]
[Site "Zelenograd"]
[Date "2022.04.15"]
[Round "10"]
[White "Lagutina, Olga"]
[Black "Kryukova, Anastasia"]
[Result "1-0"]
[WhiteElo "1801"]
[BlackElo "1270"]
[PlyCount "39"]
[EventDate "2022.04.09"]
[EventType "tourn"]
[EventRounds "13"]
[EventCountry "RUS"]
[SourceTitle "EXT 2023"]
[Source "ChessBase"]
[SourceDate "2022.10.05"]
[SourceVersion "1"]
[SourceVersionDate "2022.10.05"]
[SourceQuality "1"]

1. d4 h6 2. c4 e6 3. e4 Bb4+ 4. Bd2 Bxd2+ 5. Qxd2 c6 6. Nc3 b6 7. Nf3 Ne7 8. Bd3 Ba6 9. 0-0 d6 10. Rfe1 0-0 11. Rad1 Qd7 12. e5 d5 13. b3 Nf5 14. Bxf5 exf5 15. Qd3 Qe6 16. Nh4 g6 17. cxd5 cxd5 18. Qf3 Bb7 19. Nb5 Nc6 20. Nc7 1-0

[Event "Sevastopol Waltz Rapid"]
[Site "Sevastopol"]
[Date "2021.08.26"]
[Round "2"]
[White "Truskavetsky, Alexandr"]
[Black "Lagutina, Olga"]
[Result "1-0"]
[WhiteElo "2371"]
[BlackElo "1856"]
[PlyCount "95"]
[EventDate "2021.08.26"]
[EventType "swiss (rapid)"]
[EventRounds "9"]
[EventCountry "UKR"]
[SourceTitle "CBM 204 Extra"]
[Source "ChessBase"]
[SourceDate "2021.11.30"]
[SourceVersion "1"]
[SourceVersionDate "2021.11.30"]
[SourceQuality "1"]

1. d4 d5 2. c4 e6 3. Nc3 Nf6 4. cxd5 exd5 5. Bg5 Nbd7 6. e3 c6 7. Bd3 Be7 8. Nge2 0-0 9. Qc2 Re8 10. Bf4 Nf8 11. h3 Bd6 12. 0-0-0 b5 13. Kb1 Ne6 14. Be5 Nf8 15. f4 Bxe5 16. dxe5 N6d7 17. e4 Nb6 18. exd5 Nxd5 19. Nxd5 cxd5 20. Bxb5 Re7 21. Nd4 Bb7 22. Qf2 Ne6 23. Nf5 Rc7 24. Nd6 Qe7 25. Nxb7 Rxb7 26. Bc6 Rab8 27. Bxb7 Qxb7 28. Rd2 a5 29. Qf3 Qb4 30. Rhd1 d4 31. f5 Nc5 32. Qd5 d3 33. e6 Ne4 34. exf7+ Kf8 35. Qxd3 Nc3+ 36. Qxc3 Qxc3 37. Rd8+ Kxf7 38. Rxb8 Qg3 39. Rb7+ Kf6 40. Rb6+ Kg5 41. a3 Qxg2 42. Rb3 Qe4+ 43. Ka1 Qc2 44. Rbd3 h5 45. Rd5 a4 46. R1d4 Qc1+ 47. Ka2 Qc6 48. h4+ 1-0

[Event "Sevastopol Waltz"]
[Site "Sevastopol"]
[Date "2021.08.17"]
[Round "1"]
[White "Lagutina, Olga"]
[Black "Zubritskiy, Artyom"]
[Result "0-1"]
[WhiteElo "1856"]
[BlackElo "2442"]
[PlyCount "52"]
[EventDate "2021.08.17"]
[EventType "swiss"]
[EventRounds "9"]
[EventCountry "UKR"]
[SourceTitle "CBM 203 Extra"]
[Source "ChessBase"]
[SourceDate "2021.09.30"]
[SourceVersion "1"]
[SourceVersionDate "2021.09.30"]
[SourceQuality "1"]

1. d4 d5 2. Nf3 Nf6 3. e3 g6 4. c4 Bg7 5. Nc3 0-0 6. Be2 c6 7. 0-0 dxc4 8. Bxc4 a5 9. Bd2 Na6 10. Ne5 Nc7 11. Rc1 Be6 12. Qe2 a4 13. f4 Bxc4 14. Qxc4 Nce8 15. Qb4 Nd6 16. Nxa4 Nd5 17. Qb3 Ne4 18. Be1 Rxa4 19. Qxa4 Nxe3 20. Ba5 Qd5 21. Rf3 Nf5 22. Be1 Nxd4 23. Rd3 Bxe5 24. Qd1 Bxf4 25. Rxd4 Be3+ 26. Kh1 Qxd4 0-1

[Event "Moscow op (Women) 16th"]
[Site "Moscow"]
[Date "2020.01.27"]
[Round "3"]
[White "Lagutina, Olga"]
[Black "Kalashnikova, Ekaterina"]
[Result "1-0"]
[WhiteElo "1866"]
[BlackElo "1589"]
[PlyCount "69"]
[EventDate "2020.01.25"]
[EventType "swiss"]
[EventRounds "9"]
[EventCountry "RUS"]
[SourceTitle "CBM 194 Extra"]
[Source "ChessBase"]
[SourceDate "2020.03.31"]
[SourceVersion "1"]
[SourceVersionDate "2020.03.31"]
[SourceQuality "1"]

1. d4 d5 2. Nf3 Nf6 3. c4 c6 4. Nc3 e6 5. Bg5 Nbd7 6. cxd5 exd5 7. e3 Bd6 8. Bd3 0-0 9. Qc2 h6 10. Bh4 Qc7 11. 0-0 Ng4 12. h3 Ngf6 13. Ne2 Re8 14. Nd2 Nh5 15. e4 g5 16. e5 Bxe5 17. dxe5 gxh4 18. f4 Nf8 19. Nf3 c5 20. Nxh4 Qb6 21. Kh2 c4 22. Bf5 Bxf5 23. Qxf5 Ng7 24. Qg4 Kh8 25. Ng3 Qe6 26. f5 Qxe5 27. f6 Nge6 28. Rf5 Qxb2 29. Raf1 Nh7 30. Qh5 Rf8 31. Qxh6 Rg8 32. Rh5 Neg5 33. Rf5 Qd2 34. Rfxg5 Qd3 35. Rg7 1-0

[Event "RUS-ch Silent (Women)"]
[Site "Zelenograd"]
[Date "2018.11.03"]
[Round "11"]
[White "Lagutina, Olga"]
[Black "Alieva, Viktoria"]
[Result "1-0"]
[WhiteElo "1948"]
[BlackElo "1674"]
[PlyCount "109"]
[EventDate "2018.10.25"]
[EventType "tourn"]
[EventRounds "11"]
[EventCountry "RUS"]
[SourceTitle "EXT 2020"]
[Source "ChessBase"]
[SourceDate "2019.10.17"]
[SourceVersion "1"]
[SourceVersionDate "2019.10.17"]
[SourceQuality "1"]

1. d4 c6 2. c4 d5 3. Nc3 Nf6 4. Nf3 e6 5. cxd5 cxd5 6. e3 Be7 7. Bd3 0-0 8. 0-0 Nc6 9. a3 a6 10. Ne5 Nxe5 11. dxe5 Nd7 12. f4 f5 13. exf6 Rxf6 14. Bd2 Bc5 15. b4 Ba7 16. Kh1 Rh6 17. Qf3 Qh4 18. h3 Nf6 19. Be1 Qh5 20. Qxh5 Rxh5 21. Be2 Rh6 22. Kh2 Bxe3 23. g4 Ne4 24. Nxe4 dxe4 25. g5 Bxf4+ 26. Rxf4 e5 27. gxh6 exf4 28. Bc4+ Kf8 29. Bh4 gxh6 30. Rg1 Ke8 31. Rg8+ Kd7 32. Rd8+ Kc7 33. Be6 b5 34. Bxc8 Rxc8 35. Rxc8+ Kxc8 36. Bf6 Kd7 37. Be5 f3 38. Kg3 Ke6 39. Bg7 h5 40. Bh6 Kd5 41. Be3 Kc4 42. Kf4 Kd3 43. h4 Ke2 44. Kxe4 f2 45. Bxf2 Kxf2 46. Kf5 Kf3 47. Kg5 Ke4 48. Kxh5 Kf5 49. Kh6 Kg4 50. Kxh7 Kxh4 51. Kg6 Kg4 52. Kf6 Kf4 53. Ke6 Ke4 54. Kd6 Kd4 55. Kc6 1-0

[Event "RUS-ch Silent (Women)"]
[Site "Zelenograd"]
[Date "2018.10.30"]
[Round "7"]
[White "Lagutina, Olga"]
[Black "Kudriavtseva, Natalia"]
[Result "1-0"]
[WhiteElo "1948"]
[BlackElo "1975"]
[PlyCount "59"]
[EventDate "2018.10.25"]
[EventType "tourn"]
[EventRounds "11"]
[EventCountry "RUS"]
[SourceTitle "EXT 2020"]
[Source "ChessBase"]
[SourceDate "2019.10.17"]
[SourceVersion "1"]
[SourceVersionDate "2019.10.17"]
[SourceQuality "1"]

1. Nf3 d5 2. d4 Nf6 3. c4 e6 4. Bg5 c6 5. e3 Bb4+ 6. Nfd2 Nbd7 7. cxd5 exd5 8. Bd3 Qc7 9. Nc3 0-0 10. Qc2 h6 11. Bh4 Re8 12. Rc1 Qb8 13. Nf3 Qd6 14. 0-0 Bxc3 15. Bg3 Qe7 16. Qxc3 Ne4 17. Qc2 f5 18. Bxe4 fxe4 19. Ne5 Nxe5 20. Bxe5 Qg5 21. f4 Qg4 22. Qf2 h5 23. h3 Qf5 24. Qh4 Re6 25. Kf2 Bd7 26. g4 hxg4 27. hxg4 Qh7 28. Qg3 Rh6 29. f5 Rh2+ 30. Qxh2 1-0

[Event "RUS-ch Silent (Women)"]
[Site "Zelenograd"]
[Date "2018.10.26"]
[Round "2"]
[White "Tappyrova, Daria"]
[Black "Lagutina, Olga"]
[Result "0-1"]
[WhiteElo "1587"]
[BlackElo "1948"]
[PlyCount "86"]
[EventDate "2018.10.25"]
[EventType "tourn"]
[EventRounds "11"]
[EventCountry "RUS"]
[SourceTitle "EXT 2020"]
[Source "ChessBase"]
[SourceDate "2019.10.17"]
[SourceVersion "1"]
[SourceVersionDate "2019.10.17"]
[SourceQuality "1"]

1. e4 c5 2. Nc3 Nc6 3. f4 e6 4. Nf3 d5 5. e5 Nge7 6. d3 Nf5 7. g3 Be7 8. Bg2 a6 9. Ne2 Rb8 10. c3 b5 11. a3 Qb6 12. Bd2 a5 13. 0-0 Ba6 14. Rc1 0-0 15. g4 Nh6 16. g5 Nf5 17. Be1 Ne3 18. Qd2 Nxf1 19. Kxf1 b4 20. c4 dxc4 21. dxc4 Rfd8 22. Qe3 Nd4 23. Ng3 Nxf3 24. Bxf3 Rd4 25. Be2 Bb7 26. Bf3 Rbd8 27. Be4 Bxe4 28. Nxe4 Qc6 29. Ng3 Rd3 30. Qg1 Rf3+ 31. Ke2 Rxf4 32. Bd2 Qf3+ 33. Ke1 Rfd4 34. Qe3 Qg2 35. Rd1 Qxh2 36. Nf1 Qg2 37. Qf2 Qe4+ 38. Qe2 Qh4+ 39. Qf2 Qxf2+ 40. Kxf2 Rxc4 41. axb4 cxb4 42. b3 Rc2 43. Ke2 Bxg5 0-1

[Event "Olympiad Women-43"]
[Site "Batumi"]
[Date "2018.10.02"]
[Round "8.3"]
[White "Lagutina, Olga"]
[Black "Shibata, Misaki"]
[Result "1/2-1/2"]
[WhiteElo "1948"]
[BlackElo "1605"]
[PlyCount "61"]
[EventDate "2018.09.24"]
[EventType "team-swiss"]
[EventRounds "11"]
[EventCountry "GEO"]
[SourceTitle "EXT 2020"]
[Source "ChessBase"]
[SourceDate "2019.10.17"]
[SourceVersion "1"]
[SourceVersionDate "2019.10.17"]
[SourceQuality "1"]
[WhiteTeam "ICCD (W)"]
[BlackTeam "Japan (W)"]
[BlackTeamCountry "JPN"]

1. d4 d5 2. Nf3 Nf6 3. c4 e6 4. Bg5 Be7 5. e3 0-0 6. Nc3 h6 7. Bh4 b6 8. cxd5 exd5 9. Bd3 Bb7 10. 0-0 Nbd7 11. Rc1 c5 12. Bb1 a6 13. Qc2 c4 14. Rfd1 Re8 15. Ne5 Nf8 16. f3 b5 17. e4 Qd6 18. exd5 Nxd5 19. Bxe7 Qxe7 20. Nxd5 Bxd5 21. Re1 Qa7 22. Qf2 Rac8 23. Be4 Red8 24. Red1 Ne6 25. Rd2 Qb6 26. g3 Qb7 27. Re1 Qb6 28. Red1 Rd6 29. Bxd5 Rxd5 30. f4 Rcd8 31. Nf3 1/2-1/2

[Event "Olympiad Women-43"]
[Site "Batumi"]
[Date "2018.09.27"]
[Round "4.56"]
[White "Prommuang, Araya"]
[Black "Lagutina, Olga"]
[Result "0-1"]
[WhiteElo "1495"]
[BlackElo "1948"]
[PlyCount "52"]
[EventDate "2018.09.24"]
[EventType "team-swiss"]
[EventRounds "11"]
[EventCountry "GEO"]
[SourceTitle "EXT 2020"]
[Source "ChessBase"]
[SourceDate "2019.10.17"]
[SourceVersion "1"]
[SourceVersionDate "2019.10.17"]
[SourceQuality "1"]
[WhiteTeam "Thailand (W)"]
[BlackTeam "ICCD (W)"]
[WhiteTeamCountry "THA"]

1. d4 d5 2. c4 e6 3. Nc3 Nf6 4. cxd5 exd5 5. Bg5 Nbd7 6. e3 c6 7. Bd3 Be7 8. Nf3 0-0 9. 0-0 Re8 10. Rc1 Nf8 11. Ne5 Ne4 12. Bxe7 Qxe7 13. Nxe4 dxe4 14. Bxe4 f6 15. Qb3+ Be6 16. d5 cxd5 17. Bxd5 fxe5 18. Bxe6+ Nxe6 19. f4 Kh8 20. fxe5 Rf8 21. Rfd1 Rad8 22. Rd6 Rxd6 23. exd6 Qxd6 24. Qxb7 Qd2 25. Qc6 Qf2+ 26. Kh1 Qf1+ 0-1

[Event "Moscow op-B (Women) 14th"]
[Site "Moscow"]
[Date "2018.02.04"]
[Round "9"]
[White "Shafigullina, Zarina"]
[Black "Lagutina, Olga"]
[Result "1-0"]
[WhiteElo "2117"]
[BlackElo "1961"]
[PlyCount "89"]
[EventDate "2018.01.27"]
[EventType "swiss"]
[EventRounds "9"]
[EventCountry "RUS"]
[SourceTitle "CBM 182 Extra"]
[Source "ChessBase"]
[SourceDate "2018.02.23"]
[SourceVersion "1"]
[SourceVersionDate "2018.02.23"]
[SourceQuality "1"]

1. d4 d5 2. Nf3 Nf6 3. g3 Bf5 4. Bg2 h6 5. 0-0 e6 6. c4 c6 7. Nc3 Nbd7 8. Re1 Be7 9. Qb3 Qb6 10. c5 Qc7 11. Bf4 Qc8 12. Nd2 0-0 13. e4 dxe4 14. Ndxe4 Nxe4 15. Nxe4 Bxe4 16. Bxe4 Nf6 17. Bg2 Qd7 18. Rad1 Nd5 19. Be5 Rad8 20. Be4 f6 21. Bf4 Nxf4 22. gxf4 f5 23. Bd3 Kh8 24. Bc4 Qc7 25. Qe3 Bf6 26. Bxe6 Rfe8 27. d5 cxd5 28. Qg3 g6 29. b4 Re7 30. Kf1 Qc6 31. Qxg6 Rxe6 32. Rxe6 Qxe6 33. Qxh6+ Kg8 34. Qg6+ Kf8 35. Qh6+ Kg8 36. Qg6+ Kh8 37. Rd3 Qa6 38. b5 Qxb5 39. Qxf6+ Kh7 40. Qxf5+ Kh6 41. Qh3+ Kg7 42. Kg2 Qe8 43. Rg3+ Kf6 44. Qh6+ Kf5 45. Rg5+ 1-0

[Event "Moscow op-B (Women) 14th"]
[Site "Moscow"]
[Date "2018.02.01"]
[Round "6"]
[White "Lagutina, Olga"]
[Black "Dimitrova, Aleksandra"]
[Result "1/2-1/2"]
[WhiteElo "1961"]
[BlackElo "2260"]
[PlyCount "99"]
[EventDate "2018.01.27"]
[EventType "swiss"]
[EventRounds "9"]
[EventCountry "RUS"]
[SourceTitle "CBM 182 Extra"]
[Source "ChessBase"]
[SourceDate "2018.02.23"]
[SourceVersion "1"]
[SourceVersionDate "2018.02.23"]
[SourceQuality "1"]

1. d4 Nf6 2. c4 e6 3. Nc3 Bb4 4. Nf3 b6 5. Bg5 h6 6. Bd2 Bb7 7. e3 Bxc3 8. Bxc3 Ne4 9. d5 Nxc3 10. bxc3 Na6 11. Bd3 Nc5 12. Bc2 0-0 13. 0-0 Ba6 14. Qd4 exd5 15. Qxd5 Qf6 16. Qd4 Qe6 17. Bb3 Bb7 18. Rfd1 Bxf3 19. gxf3 f5 20. Qh4 f4 21. e4 a5 22. Rd5 d6 23. Rc1 a4 24. Bc2 Nd7 25. Bd3 Ne5 26. Be2 Rf6 27. Kh1 c6 28. Rd4 b5 29. Rcd1 Rd8 30. c5 d5 31. Qh5 Nf7 32. c4 bxc4 33. Bxc4 dxc4 34. Rxd8+ Nxd8 35. Rxd8+ Rf8 36. Rd6 Qe7 37. Rxc6 Rd8 38. Qf5 c3 39. Rd6 c2 40. Qd5+ Kh7 41. Qd2 Rc8 42. e5 Qxe5 43. Qxc2+ Kh8 44. Qxa4 Rxc5 45. Qa8+ Kh7 46. Qe4+ Qxe4 47. fxe4 f3 48. h3 Rc2 49. Kg1 Rxa2 50. Rd3 1/2-1/2

[Event "Moscow op-B (Women) 14th"]
[Site "Moscow"]
[Date "2018.01.28"]
[Round "2"]
[White "Lagutina, Olga"]
[Black "Grunina, Margarita"]
[Result "1-0"]
[WhiteElo "1961"]
[BlackElo "1729"]
[PlyCount "51"]
[EventDate "2018.01.27"]
[EventType "swiss"]
[EventRounds "9"]
[EventCountry "RUS"]
[SourceTitle "CBM 182 Extra"]
[Source "ChessBase"]
[SourceDate "2018.02.23"]
[SourceVersion "1"]
[SourceVersionDate "2018.02.23"]
[SourceQuality "1"]

1. d4 d5 2. Nf3 Nf6 3. e3 e6 4. Bd3 c5 5. b3 Nc6 6. Bb2 b6 7. Nbd2 Bb7 8. 0-0 Bd6 9. Ne5 Qc7 10. f4 0-0 11. Rf3 Ne7 12. Rh3 Ne4 13. Qh5 h6 14. Ng4 Nf5 15. Bxe4 dxe4 16. dxc5 Qxc5 17. Bxg7 Kxg7 18. Nxh6 Bxf4 19. Qg4+ Kf6 20. Qxf4 Qc3 21. Rd1 Qxc2 22. Nxe4+ Bxe4 23. Ng4+ Kg6 24. Rh6+ Nxh6 25. Qxh6+ Kf5 26. Qh5# 1-0

[Event "Moscow op-B (Women) 14th"]
[Site "Moscow"]
[Date "2018.01.27"]
[Round "1"]
[White "Kovanova, Baira"]
[Black "Lagutina, Olga"]
[Result "1-0"]
[WhiteElo "2373"]
[BlackElo "1961"]
[PlyCount "111"]
[EventDate "2018.01.27"]
[EventType "swiss"]
[EventRounds "9"]
[EventCountry "RUS"]
[SourceTitle "CBM 182 Extra"]
[Source "ChessBase"]
[SourceDate "2018.02.23"]
[SourceVersion "1"]
[SourceVersionDate "2018.02.23"]
[SourceQuality "1"]

1. Nf3 d5 2. g3 Nf6 3. Bg2 c6 4. d3 Bf5 5. Nbd2 h6 6. 0-0 e6 7. c4 Nbd7 8. Qb3 Qc7 9. Qc2 Be7 10. b3 0-0 11. Bb2 a5 12. a3 Rfc8 13. Rac1 Qd8 14. Rfe1 Qf8 15. Ra1 Bh7 16. e4 dxe4 17. dxe4 Rd8 18. h3 Nc5 19. Re3 Nfd7 20. Bc3 Bf6 21. Rae1 e5 22. b4 axb4 23. axb4 Ne6 24. c5 Nc7 25. Nc4 Nd5 26. Rd3 Nxc3 27. Qxc3 Qe7 28. Rd6 b6 29. Rxd7 Qxd7 30. Nxb6 Qc7 31. Nxa8 Rxa8 32. Nd2 Rd8 33. Nc4 Rd4 34. Na5 Bg5 35. Nb3 Rd7 36. h4 Be7 37. Na5 Rd4 38. Nc4 f6 39. h5 Kh8 40. Ra1 Qb7 41. Nb6 Bd8 42. Nc4 Bg8 43. Nd6 Qb8 44. Ra4 Bc7 45. Nf5 Rd1+ 46. Kh2 Qd8 47. Ra7 Bf7 48. Qf3 Be6 49. Nxg7 Kxg7 50. Rxc7+ Kh8 51. Rxc6 Rd3 52. Rd6 Rxd6 53. cxd6 Qxd6 54. Qxf6+ Kh7 55. Bh3 Qd2 56. Bxe6 1-0

[Event "Olympiad Women-42"]
[Site "Baku"]
[Date "2016.09.04"]
[Round "3.44"]
[White "Lagutina, Olga"]
[Black "Newrkla, Katharina"]
[Result "0-1"]
[WhiteElo "1910"]
[BlackElo "2214"]
[PlyCount "140"]
[EventDate "2016.09.02"]
[EventType "team-swiss"]
[EventRounds "11"]
[EventCountry "AZE"]
[SourceTitle "CBM 174 Extra"]
[Source "ChessBase"]
[SourceDate "2016.10.10"]
[SourceVersion "1"]
[SourceVersionDate "2016.10.10"]
[SourceQuality "1"]
[WhiteTeam "ICCD (W)"]
[BlackTeam "Austria (W)"]
[BlackTeamCountry "AUT"]

1. d4 Nf6 2. Nf3 g6 3. g3 Bg7 4. Bg2 0-0 5. 0-0 d6 6. c4 Nc6 7. Nc3 Rb8 8. d5 Na5 9. Qd3 c5 10. e4 a6 11. Re1 b5 12. Nd2 Ng4 13. cxb5 Bd4 14. Nd1 axb5 15. Qc2 c4 16. Nf3 Bg7 17. Ne3 b4 18. Nxc4 Nxc4 19. Qxc4 Qb6 20. Qc2 Ba6 21. Be3 Nxe3 22. Rxe3 Rfc8 23. Qb1 Rc5 24. Bh3 Bc8 25. Bf1 Bg4 26. Qe1 Bxb2 27. Rb1 Bc3 28. Qd1 Qa7 29. Qb3 Ra8 30. Ne1 Qxa2 31. h3 Qxb3 32. Rxb3 Bd7 33. Rb1 Rcc8 34. Rd3 Ra2 35. Rdd1 Rca8 36. Bd3 Bxh3 37. Nc2 Rb8 38. Ne3 Bd7 39. Bc4 Rd2 40. Rdc1 Bd4 41. Re1 h5 42. Kg2 Ba4 43. Bb3 Bxb3 44. Rxb3 Rb2 45. Rxb2 Bxb2 46. Rb1 Bd4 47. Nc2 Bc5 48. Rb3 e6 49. f3 exd5 50. exd5 Kg7 51. f4 Re8 52. Kf3 f5 53. Rb2 Re4 54. Rb1 Rc4 55. Rb2 Rc3+ 56. Kg2 Rc4 57. Kf3 Kf6 58. Kg2 g5 59. Kf3 g4+ 60. Kg2 h4 61. Kh2 hxg3+ 62. Kxg3 Kg6 63. Ne1 Rc3+ 64. Kg2 b3 65. Rd2 Be3 66. Re2 Bxf4 67. Re8 Re3 68. Rxe3 Bxe3 69. Nd3 Bd4 70. Nf4+ Kf6 0-1